| 000 | 00533nam a2200217Ia 4500 | ||
|---|---|---|---|
| 003 | OSt | ||
| 005 | 20220928143207.0 | ||
| 006 | a|||||r|||| 00| 0 | ||
| 007 | ta | ||
| 008 | 220927b |||||||| |||| 00| 0 eng d | ||
| 024 | _a21376 | ||
| 037 | _cTextual | ||
| 040 |
_aSDCL _cSDCL _beng |
||
| 041 |
_2eng _aeng |
||
| 082 | _aWxC7x, M3 | ||
| 100 |
_aJagdishwaranand Ed. _9504846 |
||
| 245 | 0 | _aChanakayanitidarpan | |
| 260 | _c1983 | ||
| 942 |
_hWxC7x, M3 _cTEXL _2CC |
||
| 999 |
_c823416 _d823416 |
||